LEADER 01295nam a2200301 a 4500 001 000000142206 003 CaOOAMICUS 005 20150310141100.0 008 150310s1975 it abf u000 u ita r 040 $aPUL$bita 100 1 $aSznura, Franek.$0(OLS)http://pul/name/91523 245 12$aL'espansione urbana di Firenze nel Dugento /$cFranek Sznura ; presentazione di Elio Conti. 260 $aFirenze :$bLa Nuova Italia,$c1975. 300 $aXIV, 186 p., [6] c. di tav. :$bill. ;$c24 cm 490 1 $aBiblioteca di storia ;$v18 500 $aContiene indice. 504 $aBibliografia in nota. 650 4$aUrbanistica$zFirenze.$0(OLS)http://pul/subject/14004 651 4$aFirenze$xUrbanizzazione$ySec. XIII.$0(OLS)http://pul/subject/41372 700 1 $aConti, Elio.$0(OLS)http://pul/name/91436 830 0$aBiblioteca di storia (La Nuova Italia) ;$v18.$0(OLS)http://pul/title/8537 850 $aPUL 852 $aPUL$W1$xDP1 Fondo Capitani$y116$m10 D 3$j131760$qFondi$B164219$CPULBib$Z2$F164219 $HCap2372 $82 941 1 $a1 961 $aNota ms. di possesso: Capitani. 996 $6245$aL'espansione urbana di Firenze nel Dugento$9(OLS)http://pul/title/180007 996 $6260$aFirenze :$bLa Nuova Italia$9(OLS)http://pul/publisher/48361 LEADER 01453nam a2200277 a 4500 001 000000151049 003 CaOOAMICUS 005 20160406095338.0 008 160406s1913 fr u000 u fre r 032 $aLibriCat 040 $aPUL$bita 100 1 $aMaurras, Charles,$d1868-1952.$0(OLS)http://pul/name/7815 245 12$aL'Action française et la religion catholique :$bles éléments d'une imposture agressions libérales, démocratiques, sillonnistes les maitres de "l'Action français" l'Action française et la morale /$cCharles Maurras. 250 $a2ème éd. 260 $aParis :$bNouvelle Librairie Nationale,$c1913. 300 $a354 p. ;$c19 cm. 504 $aBibliografia in nota. 650 4$aCattolicesimo$xStudi.$0(OLS)http://pul/subject/41305 850 $aPUL 852 $aPUL$W1$xDP1 Cons. Gen., Altre Classi 1$y22$m733 G 37$j173449$qStampati$B175722$CPULBib$Z2$F175722 $81 852 $aPUL$W1$xDP1 Fondo G. Barberini$y122$m4 D 13$j177690$b2 copia$qFondi$B180796$CPULBib$Z2$F180796 $HBar2138 $81 941 1 $a1 941 1 $a8 996 $6245$aL'Action française et la religion catholique :$bles éléments d'une imposture agressions libérales, démocratiques, sillonnistes les maitres de "l'Action français" l'Action française et la morale$9(OLS)http://pul/title/190236 996 $6260$aParis :$bNouvelle Librairie Nationale$9(OLS)http://pul/publisher/60218